[Event "Benidorm Satellite - Final"]
[Site "playchess.com #007059"]
[Date "2009.10.24"]
[Round "6"]
[White "Maximums"]
[Black "Mateusz-Morfeusz"]
[Result "1-0"]
[WhiteElo "2697"]
[BlackElo "2466"]
[PlyCount "73"]
[EventDate "2009.10.24"]
[EventType "tourn (blitz)"]

1. d4 {[%emt 0:00:01]} d5 {[%emt 0:00:02]} 2. c4 {[%emt 0:00:01]} c6 {[%emt 0:
00:02]} 3. e3 {[%emt 0:00:01]} Bf5 {[%emt 0:00:02]} 4. cxd5 {[%emt 0:00:01]}
Nf6 {[%emt 0:00:00]} 5. dxc6 {[%emt 0:00:03]} Nxc6 {[%emt 0:00:01]} 6. Nc3 {
[%emt 0:00:01]} e5 {[%emt 0:00:04]} 7. Bb5 {[%emt 0:00:36]} exd4 {[%emt 0:00:
13]} 8. exd4 {[%emt 0:00:02]} Bb4 {[%emt 0:00:08]} 9. Nge2 {[%emt 0:00:06]}
Bxc3+ {[%emt 0:00:20]} 10. bxc3 {[%emt 0:00:04]} O-O {[%emt 0:00:15]} 11. O-O {
[%emt 0:00:01]} Ne4 {[%emt 0:00:18]} 12. f3 {[%emt 0:00:13]} Nf6 {[%emt 0:00:
33]} 13. Bg5 {[%emt 0:00:14]} h6 {[%emt 0:00:06]} 14. Bh4 {[%emt 0:00:12]} g5 {
[%emt 0:00:08]} 15. Bf2 {[%emt 0:00:14]} a6 {[%emt 0:00:07]} 16. Bd3 {[%emt 0:
00:07]} Bxd3 {[%emt 0:00:32]} 17. Qxd3 {[%emt 0:00:02]} Ne5 {[%emt 0:00:02]}
18. Qc2 {[%emt 0:00:07]} Ng6 {[%emt 0:00:08]} 19. Ng3 {[%emt 0:00:05]} Rc8 {
[%emt 0:00:05]} 20. c4 {[%emt 0:00:09]} b5 {[%emt 0:00:05]} 21. c5 {[%emt 0:00:
02]} Re8 {[%emt 0:00:21]} 22. Nf5 {[%emt 0:00:12]} Qd5 {[%emt 0:00:01]} 23.
Nxh6+ {[%emt 0:00:19] .} Kg7 {[%emt 0:00:02]} 24. Nf5+ {[%emt 0:00:02]} Kh7 {
[%emt 0:00:07]} 25. Rfe1 {[%emt 0:00:08]} Rxe1+ {[%emt 0:00:02]} 26. Rxe1 {
[%emt 0:00:02]} g4 {[%emt 0:00:06]} 27. Ne3 {[%emt 0:00:09]} Qh5 {[%emt 0:00:
03]} 28. Nxg4 {[%emt 0:00:03]} Nxg4 {[%emt 0:00:00]} 29. fxg4 {[%emt 0:00:01]}
Qxg4 {[%emt 0:00:00]} 30. d5 {[%emt 0:00:11]} Qd7 {[%emt 0:00:01]} 31. Qd3 {
[%emt 0:00:08]} Kg7 {[%emt 0:00:07]} 32. d6 {[%emt 0:00:01]} Kg8 {[%emt 0:00:
01]} 33. h3 {[%emt 0:00:03]} Nf8 {[%emt 0:00:05]} 34. Qd5 {[%emt 0:00:02]} Ne6
{[%emt 0:00:00]} 35. Qf5 {[%emt 0:00:05]} Kf8 {[%emt 0:00:01]} 36. Qf6 {[%emt
0:00:02]} Nxc5 {[%emt 0:00:01]} 37. Qh8# {[%emt 0:00:01]} 1-0

[Event "Benidorm Satellite - Final"]
[Site "playchess.com #007059"]
[Date "2009.10.24"]
[Round "6"]
[White "Kendo"]
[Black "Yang Guo"]
[Result "0-1"]
[WhiteElo "2659"]
[BlackElo "2834"]
[PlyCount "76"]
[EventDate "2009.10.24"]
[EventType "tourn (blitz)"]

1. d4 {[%emt 0:00:02]} e6 {[%emt 0:00:01]} 2. e4 {[%emt 0:00:05]} d5 {[%emt 0:
00:01]} 3. exd5 {[%emt 0:00:03]} exd5 {[%emt 0:00:00]} 4. Bd3 {[%emt 0:00:00]}
Nc6 {[%emt 0:00:03]} 5. c3 {[%emt 0:00:01]} Bd6 {[%emt 0:00:02]} 6. Nf3 {[%emt
0:00:02]} Nge7 {[%emt 0:00:01]} 7. h3 {[%emt 0:00:01]} Bf5 {[%emt 0:00:04]} 8.
Bxf5 {[%emt 0:00:24]} Nxf5 {[%emt 0:00:00]} 9. Qe2+ {[%emt 0:00:01]} Qe7 {
[%emt 0:00:24]} 10. Qxe7+ {[%emt 0:00:02]} Nfxe7 {[%emt 0:00:03]} 11. Ke2 {
[%emt 0:00:06]} Kd7 {[%emt 0:00:01]} 12. Kd3 {[%emt 0:00:01]} Rae8 {[%emt 0:00:
04]} 13. Be3 {[%emt 0:00:05]} Nf5 {[%emt 0:00:02]} 14. Nbd2 {[%emt 0:00:01]} f6
{[%emt 0:00:01]} 15. Rae1 {[%emt 0:00:05]} Nd8 {[%emt 0:00:09]} 16. Nb3 {[%emt
0:00:33]} Ne6 {[%emt 0:00:13]} 17. Bd2 {[%emt 0:00:05]} c6 {[%emt 0:00:05]} 18.
Nc1 {[%emt 0:00:16]} Re7 {[%emt 0:00:14]} 19. Re2 {[%emt 0:00:11]} h5 {[%emt 0:
00:08]} 20. Rhe1 {[%emt 0:00:05]} h4 {[%emt 0:00:04]} 21. Kc2 {[%emt 0:00:08]}
g5 {[%emt 0:00:03]} 22. Kd1 {[%emt 0:00:15]} Rg8 {[%emt 0:00:02]} 23. Rh1 {
[%emt 0:00:04]} g4 {[%emt 0:00:13]} 24. hxg4 {[%emt 0:00:01]} Rxg4 {[%emt 0:00:
00]} 25. Ne1 {[%emt 0:00:02]} Reg7 {[%emt 0:00:11]} 26. Ncd3 {[%emt 0:00:04]}
b6 {[%emt 0:00:17]} 27. Rh3 {[%emt 0:00:09]} c5 {[%emt 0:00:07]} 28. Rf3 {
[%emt 0:00:12]} Nfxd4 {[%emt 0:00:28]} 29. cxd4 {[%emt 0:00:03]} Nxd4 {[%emt 0:
00:00]} 30. Rxf6 {[%emt 0:00:22]} Nxe2 {[%emt 0:00:02]} 31. Kxe2 {[%emt 0:00:
06]} Re4+ {[%emt 0:00:29] '} 32. Kf1 {[%emt 0:00:07]} Re6 {[%emt 0:00:00]} 33.
Rf3 {[%emt 0:00:07]} Kc6 {[%emt 0:00:16]} 34. Nf4 {[%emt 0:00:07]} Re4 {[%emt
0:00:05]} 35. Nh5 {[%emt 0:00:03]} Rge7 {[%emt 0:00:03]} 36. Nf6 {[%emt 0:00:
04]} Rd4 {[%emt 0:00:03]} 37. Be3 {[%emt 0:00:04]} Rd1 {[%emt 0:00:01]} 38. Ke2
{[%emt 0:00:05]} Rb1 {[%emt 0:00:01] Zeit} 0-1

[Event "Benidorm Satellite - Final"]
[Site "playchess.com #007059"]
[Date "2009.10.24"]
[Round "7"]
[White "-st!er-"]
[Black "High_me"]
[Result "0-1"]
[WhiteElo "2883"]
[BlackElo "2628"]
[PlyCount "70"]
[EventDate "2009.10.24"]
[EventType "tourn (blitz)"]

1. d4 {[%emt 0:00:01]} Nf6 {[%emt 0:00:01]} 2. c4 {[%emt 0:00:01]} g6 {[%emt 0:
00:01]} 3. Nc3 {[%emt 0:00:03]} Bg7 {[%emt 0:00:01]} 4. e4 {[%emt 0:00:02]} d6
{[%emt 0:00:01]} 5. Nf3 {[%emt 0:00:00]} O-O {[%emt 0:00:01]} 6. Be2 {[%emt 0:
00:00]} e5 {[%emt 0:00:01]} 7. O-O {[%emt 0:00:01]} Nc6 {[%emt 0:00:01]} 8. d5
{[%emt 0:00:00]} Ne7 {[%emt 0:00:01]} 9. Ne1 {[%emt 0:00:02]} Nd7 {[%emt 0:00:
03]} 10. Nd3 {[%emt 0:00:03]} f5 {[%emt 0:00:01]} 11. f3 {[%emt 0:00:01]} f4 {
[%emt 0:00:02]} 12. Bd2 {[%emt 0:00:03]} g5 {[%emt 0:00:01]} 13. Rc1 {[%emt 0:
00:03]} Ng6 {[%emt 0:00:02]} 14. b4 {[%emt 0:00:02]} h5 {[%emt 0:00:09]} 15. h3
{[%emt 0:00:02]} Nf6 {[%emt 0:00:06]} 16. c5 {[%emt 0:00:02]} Rf7 {[%emt 0:00:
01]} 17. Nf2 {[%emt 0:00:04]} Bf8 {[%emt 0:00:05]} 18. Nb5 {[%emt 0:00:03]} a6
{[%emt 0:00:26]} 19. Na3 {[%emt 0:00:10]} Rg7 {[%emt 0:00:02]} 20. cxd6 {[%emt
0:00:02]} Bxd6 {[%emt 0:00:12]} 21. Nc4 {[%emt 0:00:00]} Bd7 {[%emt 0:00:09]}
22. Bc3 {[%emt 0:00:08]} Qe7 {[%emt 0:00:07]} 23. Nxd6 {[%emt 0:00:07]} cxd6 {
[%emt 0:00:00]} 24. Bb2 {[%emt 0:00:01]} Qd8 {[%emt 0:00:33] High_me
reklamiert Gewinn wegen Verbindungsabbruch -st!er- reconnected.} 25. Qc2 {
[%emt 0:00:03]} Rc8 {[%emt 0:00:02]} 26. Qd1 {[%emt 0:00:03]} Nh4 {[%emt 0:00:
03]} 27. a4 {[%emt 0:00:03]} Rxc1 {[%emt 0:00:09]} 28. Bxc1 {[%emt 0:00:01]} g4
{[%emt 0:00:20]} 29. hxg4 {[%emt 0:00:05]} hxg4 {[%emt 0:00:01]} 30. fxg4 {
[%emt 0:00:00]} Qc8 {[%emt 0:00:01]} 31. Qe1 {[%emt 0:00:11]} Nxg4 {[%emt 0:00:
19]} 32. Nxg4 {[%emt 0:00:02]} Bxg4 {[%emt 0:00:00]} 33. Qxh4 {[%emt 0:00:01]}
Bxe2 {[%emt 0:00:01]} 34. Re1 {[%emt 0:00:02]} Bf3 {[%emt 0:00:06]} 35. Kf2 {
[%emt 0:00:10]} Qc2+ {[%emt 0:00:04] -st!er- resigns} 0-1

[Event "Benidorm Satellite - Final"]
[Site "playchess.com #007059"]
[Date "2009.10.24"]
[Round "7"]
[White "Yang Guo"]
[Black "Maximums"]
[Result "0-1"]
[WhiteElo "2843"]
[BlackElo "2705"]
[PlyCount "62"]
[EventDate "2009.10.24"]
[EventType "tourn (blitz)"]

1. e4 {[%emt 0:00:01]} c5 {[%emt 0:00:01]} 2. Nf3 {[%emt 0:00:01]} d6 {[%emt 0:
00:01]} 3. Nc3 {[%emt 0:00:01]} a6 {[%emt 0:00:01]} 4. d4 {[%emt 0:00:01]} cxd4
{[%emt 0:00:01]} 5. Nxd4 {[%emt 0:00:00]} e6 {[%emt 0:00:01]} 6. Bd3 {[%emt 0:
00:04]} Nc6 {[%emt 0:00:02]} 7. Nxc6 {[%emt 0:00:04]} bxc6 {[%emt 0:00:01]} 8.
O-O {[%emt 0:00:00]} Nf6 {[%emt 0:00:03]} 9. f4 {[%emt 0:00:00]} d5 {[%emt 0:
00:02]} 10. e5 {[%emt 0:00:08]} Nd7 {[%emt 0:00:01]} 11. Qe2 {[%emt 0:00:02]}
Be7 {[%emt 0:00:07]} 12. Bd2 {[%emt 0:00:07]} O-O {[%emt 0:00:02]} 13. Kh1 {
[%emt 0:00:01]} g6 {[%emt 0:00:02]} 14. Na4 {[%emt 0:00:08]} Nc5 {[%emt 0:00:
10]} 15. Nxc5 {[%emt 0:00:02]} Bxc5 {[%emt 0:00:01]} 16. c4 {[%emt 0:00:00]} a5
{[%emt 0:00:10]} 17. Rac1 {[%emt 0:00:06]} Qb6 {[%emt 0:00:05]} 18. Bc3 {[%emt
0:00:06]} Ba6 {[%emt 0:00:09]} 19. Rf3 {[%emt 0:00:13]} Bd4 {[%emt 0:00:10]}
20. Rh3 {[%emt 0:00:16]} Bxc3 {[%emt 0:00:30]} 21. Rxc3 {[%emt 0:00:00]} dxc4 {
[%emt 0:00:14]} 22. Bxc4 {[%emt 0:00:21]} Bxc4 {[%emt 0:00:02]} 23. Rxc4 {
[%emt 0:00:03]} Rfd8 {[%emt 0:00:06]} 24. Rb3 {[%emt 0:00:21]} Qa6 {[%emt 0:00:
15]} 25. h3 {[%emt 0:00:03]} Rd1+ {[%emt 0:00:12]} 26. Qxd1 {[%emt 0:00:17]}
Qxc4 {[%emt 0:00:02]} 27. Qd2 {[%emt 0:00:00]} a4 {[%emt 0:00:04]} 28. Rc3 {
[%emt 0:00:01]} Qxa2 {[%emt 0:00:03]} 29. Rxc6 {[%emt 0:00:06]} a3 {[%emt 0:00:
04]} 30. Rc2 {[%emt 0:00:01]} Qb1+ {[%emt 0:00:03]} 31. Kh2 {[%emt 0:01:06]} a2
{[%emt 0:00:17] Yang Guo resigns} 0-1

[Event "Benidorm Satellite - Final"]
[Site "playchess.com #007059"]
[Date "2009.10.24"]
[Round "7"]
[White "Us6"]
[Black "Jiriki"]
[Result "1/2-1/2"]
[WhiteElo "2643"]
[BlackElo "2613"]
[PlyCount "130"]
[EventDate "2009.10.24"]
[EventType "tourn (blitz)"]

1. d4 {[%emt 0:00:10]} e6 {[%emt 0:00:02]} 2. c4 {[%emt 0:00:03]} d5 {[%emt 0:
00:01]} 3. Nf3 {[%emt 0:00:05]} Nf6 {[%emt 0:00:03]} 4. g3 {[%emt 0:00:02]} Be7
{[%emt 0:00:01]} 5. Bg2 {[%emt 0:00:02]} O-O {[%emt 0:00:00]} 6. O-O {[%emt 0:
00:11]} dxc4 {[%emt 0:00:02]} 7. Qc2 {[%emt 0:00:02]} a6 {[%emt 0:00:04]} 8.
Qxc4 {[%emt 0:00:01]} b5 {[%emt 0:00:01]} 9. Qc2 {[%emt 0:00:01]} Bb7 {[%emt 0:
00:01]} 10. Bd2 {[%emt 0:00:01]} Bd6 {[%emt 0:00:01]} 11. Bg5 {[%emt 0:00:04]}
Nbd7 {[%emt 0:00:02]} 12. Nbd2 {[%emt 0:00:02]} Qb8 {[%emt 0:00:36]} 13. Nb3 {
[%emt 0:00:18]} Ne4 {[%emt 0:00:10]} 14. Bf4 {[%emt 0:00:07]} c5 {[%emt 0:00:
10]} 15. Bxd6 {[%emt 0:00:02]} Qxd6 {[%emt 0:00:02]} 16. dxc5 {[%emt 0:00:02]}
Ndxc5 {[%emt 0:00:05]} 17. Rfd1 {[%emt 0:00:04]} Qb6 {[%emt 0:00:04]} 18. Nxc5
{[%emt 0:00:07]} Qxc5 {[%emt 0:00:17]} 19. Qxc5 {[%emt 0:00:05]} Nxc5 {[%emt 0:
00:00]} 20. b4 {[%emt 0:00:02]} Na4 {[%emt 0:00:08]} 21. Rac1 {[%emt 0:00:08]}
Rac8 {[%emt 0:00:07]} 22. Kf1 {[%emt 0:00:06]} Bd5 {[%emt 0:00:04]} 23. a3 {
[%emt 0:00:04]} f6 {[%emt 0:00:07]} 24. Nd4 {[%emt 0:00:02]} Bxg2+ {[%emt 0:00:
05]} 25. Kxg2 {[%emt 0:00:01]} e5 {[%emt 0:00:01]} 26. Nf5 {[%emt 0:00:09]}
Rxc1 {[%emt 0:00:13]} 27. Rxc1 {[%emt 0:00:01]} g6 {[%emt 0:00:01]} 28. Ne7+ {
[%emt 0:00:05]} Kf7 {[%emt 0:00:03]} 29. Nd5 {[%emt 0:00:01]} Rd8 {[%emt 0:00:
17]} 30. e4 {[%emt 0:00:02]} Rd7 {[%emt 0:00:06]} 31. Rc6 {[%emt 0:00:02]} f5 {
[%emt 0:00:01]} 32. f3 {[%emt 0:00:02]} Nb2 {[%emt 0:00:12]} 33. Rxa6 {[%emt 0:
00:03]} Nc4 {[%emt 0:00:04]} 34. Kf2 {[%emt 0:00:11]} Kg7 {[%emt 0:00:07]} 35.
Ke2 {[%emt 0:00:03]} h5 {[%emt 0:00:07]} 36. Rc6 {[%emt 0:00:03]} Nxa3 {[%emt
0:00:09]} 37. Kd3 {[%emt 0:00:07]} Nc4 {[%emt 0:00:04]} 38. Rc5 {[%emt 0:00:03]
} Nd6 {[%emt 0:00:02]} 39. Ke3 {[%emt 0:00:07]} fxe4 {[%emt 0:00:02]} 40. fxe4
{[%emt 0:00:00]} Rf7 {[%emt 0:00:01]} 41. Nc3 {[%emt 0:00:03]} Rf1 {[%emt 0:00:
06]} 42. Nxb5 {[%emt 0:00:05]} Nxb5 {[%emt 0:00:07]} 43. Rxb5 {[%emt 0:00:01]}
Rb1 {[%emt 0:00:03]} 44. Kd3 {[%emt 0:00:05]} Rd1+ {[%emt 0:00:03]} 45. Ke3 {
[%emt 0:00:03]} Rb1 {[%emt 0:00:01]} 46. Rb6 {[%emt 0:00:01]} Rb3+ {[%emt 0:00:
03]} 47. Kf2 {[%emt 0:00:04]} Rb2+ {[%emt 0:00:02]} 48. Ke3 {[%emt 0:00:08]}
Rxh2 {[%emt 0:00:02]} 49. b5 {[%emt 0:00:03]} Rb2 {[%emt 0:00:05]} 50. Rb8 {
[%emt 0:00:01]} Rb3+ {[%emt 0:00:02]} 51. Kf2 {[%emt 0:00:01]} Kh6 {[%emt 0:00:
00]} 52. b6 {[%emt 0:00:01]} Kg5 {[%emt 0:00:01]} 53. b7 {[%emt 0:00:08]} Rb2+
{[%emt 0:00:08]} 54. Kf3 {[%emt 0:00:02]} Rb3+ {[%emt 0:00:03]} 55. Kg2 {[%emt
0:00:01]} Rb2+ {[%emt 0:00:03]} 56. Kh3 {[%emt 0:00:01]} Rb3 {[%emt 0:00:01]}
57. Kg2 {[%emt 0:00:07]} Rb2+ {[%emt 0:00:00]} 58. Kh3 {[%emt 0:00:00]} Rb3 {
[%emt 0:00:01]} 59. Re8 {[%emt 0:00:03]} Rxb7 {[%emt 0:00:03]} 60. Rxe5+ {
[%emt 0:00:01]} Kf6 {[%emt 0:00:01]} 61. Rc5 {[%emt 0:00:02]} Rb3 {[%emt 0:00:
02]} 62. Rc6+ {[%emt 0:00:06]} Kg5 {[%emt 0:00:03]} 63. Rc5+ {[%emt 0:00:01]}
Kf6 {[%emt 0:00:02]} 64. Rc6+ {[%emt 0:00:01]} Kg5 {[%emt 0:00:01]} 65. Rc5+ {
[%emt 0:00:01]} Kf6 {[%emt 0:00:01]} 1/2-1/2

[Event "Benidorm Satellite - Final"]
[Site "playchess.com #007059"]
[Date "2009.10.24"]
[Round "7"]
[White "Mateusz-Morfeusz"]
[Black "Dr-Bassem"]
[Result "0-1"]
[WhiteElo "2459"]
[BlackElo "2855"]
[PlyCount "100"]
[EventDate "2009.10.24"]
[EventType "tourn (blitz)"]

1. e4 {[%emt 0:00:01]} e5 {[%emt 0:00:01]} 2. Nf3 {[%emt 0:00:02]} Nc6 {[%emt
0:00:00]} 3. Bc4 {[%emt 0:00:00]} Nf6 {[%emt 0:00:01]} 4. d3 {[%emt 0:00:01]}
Bc5 {[%emt 0:00:01]} 5. Nc3 {[%emt 0:00:01]} d6 {[%emt 0:00:01]} 6. O-O {[%emt
0:00:01]} h6 {[%emt 0:00:02]} 7. Be3 {[%emt 0:00:01]} Bb6 {[%emt 0:00:01]} 8.
Bxb6 {[%emt 0:00:02]} axb6 {[%emt 0:00:01]} 9. Qd2 {[%emt 0:00:00]} Bg4 {[%emt
0:00:05]} 10. Nd5 {[%emt 0:00:02]} Bxf3 {[%emt 0:00:03]} 11. gxf3 {[%emt 0:00:
02]} Ne7 {[%emt 0:00:17]} 12. Nxf6+ {[%emt 0:00:02]} gxf6 {[%emt 0:00:00]} 13.
Kh1 {[%emt 0:00:03]} Ng6 {[%emt 0:00:02]} 14. Rg1 {[%emt 0:00:03]} Qd7 {[%emt
0:00:04]} 15. Rg3 {[%emt 0:00:05]} h5 {[%emt 0:00:08]} 16. Rag1 {[%emt 0:00:03]
} O-O-O {[%emt 0:00:02]} 17. Bxf7 {[%emt 0:00:06]} Nf4 {[%emt 0:00:07]} 18. Bb3
{[%emt 0:00:10]} h4 {[%emt 0:00:27]} 19. Rg7 {[%emt 0:00:02]} Qh3 {[%emt 0:00:
04]} 20. Qe3 {[%emt 0:00:58]} Kb8 {[%emt 0:00:07]} 21. Bd5 {[%emt 0:00:11]} f5
{[%emt 0:00:15]} 22. Re7 {[%emt 0:00:16]} Rdf8 {[%emt 0:00:27]} 23. Rgg7 {
[%emt 0:00:40]} Qf1+ {[%emt 0:00:03]} 24. Rg1 {[%emt 0:00:03]} Qh3 {[%emt 0:00:
00]} 25. Rgg7 {[%emt 0:00:01]} Rh6 {[%emt 0:01:21] '} 26. Rxc7 {[%emt 0:00:05]}
Qf1+ {[%emt 0:00:01]} 27. Rg1 {[%emt 0:00:03]} Qxg1+ {[%emt 0:00:00]} 28. Kxg1
{[%emt 0:00:02]} Rg6+ {[%emt 0:00:01]} 29. Kf1 {[%emt 0:00:05]} Kxc7 {[%emt 0:
00:00]} 30. Qd2 {[%emt 0:00:10]} Kb8 {[%emt 0:00:03]} 31. Qb4 {[%emt 0:00:04]}
fxe4 {[%emt 0:00:04]} 32. Qxb6 {[%emt 0:00:07]} Nxd5 {[%emt 0:00:02]} 33. Qb5 {
[%emt 0:00:17] .} Nc7 {[%emt 0:00:02]} 34. Qb4 {[%emt 0:00:05]} exf3 {[%emt 0:
00:06]} 35. Ke1 {[%emt 0:00:04]} Rf4 {[%emt 0:00:04]} 36. Qb3 {[%emt 0:00:07]}
Rg1+ {[%emt 0:00:01]} 37. Kd2 {[%emt 0:00:01]} Rg2 {[%emt 0:00:00]} 38. Ke1 {
[%emt 0:00:02]} Rxh2 {[%emt 0:00:02]} 39. Qg8+ {[%emt 0:00:02]} Ka7 {[%emt 0:
00:00]} 40. Qg1 {[%emt 0:00:05]} Rg2 {[%emt 0:00:02]} 41. Qh1 {[%emt 0:00:02]}
Ne6 {[%emt 0:00:06]} 42. Qf1 {[%emt 0:00:05]} Rfg4 {[%emt 0:00:02]} 43. Kd2 {
[%emt 0:00:04]} h3 {[%emt 0:00:05]} 44. Qe1 {[%emt 0:00:02]} h2 {[%emt 0:00:02]
} 45. Qe3+ {[%emt 0:00:01]} Nd4 {[%emt 0:00:02]} 46. c4 {[%emt 0:00:00]} h1=Q {
[%emt 0:00:01]} 47. b4 {[%emt 0:00:01]} Qa1 {[%emt 0:00:01]} 48. c5 {[%emt 0:
00:04]} Qb2+ {[%emt 0:00:01]} 49. Kd1 {[%emt 0:00:02]} Rg1+ {[%emt 0:00:01]}
50. Qe1 {[%emt 0:00:00]} Qc2# {[%emt 0:00:01]} 0-1

[Event "Benidorm Satellite - Final"]
[Site "playchess.com #007059"]
[Date "2009.10.24"]
[Round "8"]
[White "-st!er-"]
[Black "Mateusz-Morfeusz"]
[Result "1-0"]
[WhiteElo "2856"]
[BlackElo "2456"]
[PlyCount "23"]
[EventDate "2009.10.24"]
[EventType "tourn (blitz)"]

1. e4 {[%emt 0:00:02]} e5 {[%emt 0:00:01]} 2. Nf3 {[%emt 0:00:05]} Nc6 {[%emt
0:00:02]} 3. Bc4 {[%emt 0:00:01]} Nf6 {[%emt 0:00:02]} 4. d3 {[%emt 0:00:01]}
d5 {[%emt 0:00:02]} 5. exd5 {[%emt 0:00:01]} Nxd5 {[%emt 0:00:01]} 6. O-O {
[%emt 0:00:00]} Bg4 {[%emt 0:00:03]} 7. h3 {[%emt 0:00:01]} Bh5 {[%emt 0:00:04]
} 8. Re1 {[%emt 0:00:01]} Bd6 {[%emt 0:00:04]} 9. Nxe5 {[%emt 0:00:06]} Nxe5 {
[%emt 0:00:02]} 10. Qxh5 {[%emt 0:00:02]} Nf6 {[%emt 0:00:07]} 11. Rxe5+ {
[%emt 0:00:02]} Bxe5 {[%emt 0:00:04]} 12. Qxf7# {[%emt 0:00:01]} 1-0

[Event "Benidorm Satellite - Final"]
[Site "playchess.com #007059"]
[Date "2009.10.24"]
[Round "8"]
[White "Dr-Bassem"]
[Black "Yang Guo"]
[Result "1-0"]
[WhiteElo "2858"]
[BlackElo "2820"]
[PlyCount "45"]
[EventDate "2009.10.24"]
[EventType "tourn (blitz)"]

1. e4 {[%emt 0:00:01]} e6 {[%emt 0:00:01]} 2. d3 {[%emt 0:00:01]} d5 {[%emt 0:
00:01]} 3. Nd2 {[%emt 0:00:00]} Nf6 {[%emt 0:00:03]} 4. Ngf3 {[%emt 0:00:00]}
Bc5 {[%emt 0:00:00]} 5. e5 {[%emt 0:00:01]} Nfd7 {[%emt 0:00:02]} 6. g3 {[%emt
0:00:01]} Bb6 {[%emt 0:00:06]} 7. Bg2 {[%emt 0:00:02]} c5 {[%emt 0:00:10]} 8.
Nb3 {[%emt 0:00:19]} Nc6 {[%emt 0:00:04]} 9. Bf4 {[%emt 0:00:04]} O-O {[%emt 0:
00:12]} 10. O-O {[%emt 0:00:02]} f6 {[%emt 0:00:34]} 11. exf6 {[%emt 0:00:02]}
Qxf6 {[%emt 0:00:00]} 12. c3 {[%emt 0:00:10]} e5 {[%emt 0:00:14]} 13. Bg5 {
[%emt 0:00:02]} Qf7 {[%emt 0:00:02]} 14. c4 {[%emt 0:00:14]} d4 {[%emt 0:00:15]
} 15. Nfxd4 {[%emt 0:00:21]} Nxd4 {[%emt 0:00:28]} 16. Nxd4 {[%emt 0:00:01]}
Qg6 {[%emt 0:00:04]} 17. Bd5+ {[%emt 0:00:28]} Kh8 {[%emt 0:00:02]} 18. Nf3 {
[%emt 0:00:01]} Rxf3 {[%emt 0:00:11]} 19. Qxf3 {[%emt 0:00:00]} Qxg5 {[%emt 0:
00:01]} 20. Qf7 {[%emt 0:00:01]} Qd8 {[%emt 0:00:07]} 21. f4 {[%emt 0:00:01]}
exf4 {[%emt 0:00:04]} 22. Rae1 {[%emt 0:00:08]} Nf6 {[%emt 0:00:03]} 23. Re7 {
[%emt 0:00:01] Yang Guo resigns} 1-0

[Event "Benidorm Satellite - Final"]
[Site "playchess.com #007059"]
[Date "2009.10.24"]
[Round "8"]
[White "Kendo"]
[Black "Us6"]
[Result "0-1"]
[WhiteElo "2664"]
[BlackElo "2642"]
[PlyCount "50"]
[EventDate "2009.10.24"]
[EventType "tourn (blitz)"]

1. d4 {[%emt 0:00:02]} c5 {[%emt 0:00:03]} 2. d5 {[%emt 0:00:02]} Nf6 {[%emt 0:
00:01]} 3. Nc3 {[%emt 0:00:01]} e6 {[%emt 0:00:02]} 4. e4 {[%emt 0:00:02]} d6 {
[%emt 0:00:00]} 5. Nf3 {[%emt 0:00:05]} exd5 {[%emt 0:00:01]} 6. exd5 {[%emt 0:
00:01]} Be7 {[%emt 0:00:00]} 7. Bd3 {[%emt 0:00:08]} O-O {[%emt 0:00:01]} 8. h3
{[%emt 0:00:01]} Na6 {[%emt 0:00:01]} 9. O-O {[%emt 0:00:08]} Nc7 {[%emt 0:00:
01]} 10. Bc4 {[%emt 0:00:01]} Qd7 {[%emt 0:00:05]} 11. a4 {[%emt 0:00:03]} b6 {
[%emt 0:00:01]} 12. Re1 {[%emt 0:00:11]} Bb7 {[%emt 0:00:13]} 13. Qd3 {[%emt 0:
00:06]} Rfe8 {[%emt 0:00:03]} 14. Bf4 {[%emt 0:00:21]} Bf8 {[%emt 0:00:02]} 15.
Bg5 {[%emt 0:00:08]} Be7 {[%emt 0:00:06]} 16. Bd2 {[%emt 0:00:18]} Bf8 {[%emt
0:00:03]} 17. a5 {[%emt 0:00:06]} Rxe1+ {[%emt 0:00:05]} 18. Bxe1 {[%emt 0:00:
05]} b5 {[%emt 0:00:12]} 19. Nxb5 {[%emt 0:00:07]} Ncxd5 {[%emt 0:00:05]} 20.
Rd1 {[%emt 0:00:35]} Nf4 {[%emt 0:00:11]} 21. Qe3 {[%emt 0:00:21]} Nxh3+ {
[%emt 0:00:12]} 22. gxh3 {[%emt 0:00:24]} Qxh3 {[%emt 0:00:01]} 23. Bxf7+ {
[%emt 0:00:02]} Kh8 {[%emt 0:00:02]} 24. Be6 {[%emt 0:00:03]} Ng4 {[%emt 0:00:
12]} 25. Qf4 {[%emt 0:00:27]} Bxf3 {[%emt 0:00:03] Kendo gibt auf  (Lag: Av=0.
43s, max=1.0s)} 0-1

[Event "Benidorm Satellite - Final"]
[Site "playchess.com #007059"]
[Date "2009.10.24"]
[Round "8"]
[White "High_me"]
[Black "Novoselski"]
[Result "1-0"]
[WhiteElo "2656"]
[BlackElo "2765"]
[PlyCount "87"]
[EventDate "2009.10.24"]
[EventType "tourn (blitz)"]

1. e4 {[%emt 0:00:01]} e5 {[%emt 0:00:02]} 2. Nf3 {[%emt 0:00:01]} Nc6 {[%emt
0:00:01]} 3. Bc4 {[%emt 0:00:01]} Nf6 {[%emt 0:00:01]} 4. d3 {[%emt 0:00:01]}
Be7 {[%emt 0:00:01]} 5. O-O {[%emt 0:00:01]} O-O {[%emt 0:00:01]} 6. Re1 {
[%emt 0:00:01]} d6 {[%emt 0:00:01]} 7. a4 {[%emt 0:00:01]} h6 {[%emt 0:00:01]}
8. c3 {[%emt 0:00:08]} Nh7 {[%emt 0:00:02]} 9. d4 {[%emt 0:00:01]} Bf6 {[%emt
0:00:05]} 10. h3 {[%emt 0:00:05]} Ne7 {[%emt 0:00:05]} 11. Nbd2 {[%emt 0:00:04]
} Ng6 {[%emt 0:00:01]} 12. Nf1 {[%emt 0:00:03]} Qe7 {[%emt 0:00:03]} 13. Ne3 {
[%emt 0:00:08]} c6 {[%emt 0:00:04]} 14. Nf5 {[%emt 0:00:10]} Qd8 {[%emt 0:00:
09]} 15. dxe5 {[%emt 0:00:51]} Nxe5 {[%emt 0:00:09]} 16. Nxe5 {[%emt 0:00:15]}
dxe5 {[%emt 0:00:00]} 17. Be3 {[%emt 0:00:03]} Bxf5 {[%emt 0:00:11]} 18. exf5 {
[%emt 0:00:00]} Qc7 {[%emt 0:00:01]} 19. Qh5 {[%emt 0:00:08]} Bg5 {[%emt 0:00:
17]} 20. Bxg5 {[%emt 0:00:38]} hxg5 {[%emt 0:00:03]} 21. f6 {[%emt 0:00:02]}
Nxf6 {[%emt 0:00:08]} 22. Qxg5 {[%emt 0:00:01]} e4 {[%emt 0:00:04]} 23. Re3 {
[%emt 0:00:02]} Nh7 {[%emt 0:00:26]} 24. Qg6 {[%emt 0:00:17]} Rae8 {[%emt 0:00:
13]} 25. Rxe4 {[%emt 0:00:05]} Rxe4 {[%emt 0:00:03]} 26. Qxe4 {[%emt 0:00:00]}
Nf6 {[%emt 0:00:03]} 27. Qc2 {[%emt 0:00:05]} Re8 {[%emt 0:00:04]} 28. Rd1 {
[%emt 0:00:01]} b6 {[%emt 0:00:02]} 29. Qd2 {[%emt 0:00:05]} Ne4 {[%emt 0:00:
07]} 30. Qd4 {[%emt 0:00:06]} Nf6 {[%emt 0:00:14]} 31. g3 {[%emt 0:00:04]} Qc8
{[%emt 0:00:07]} 32. Kg2 {[%emt 0:00:05]} c5 {[%emt 0:00:02]} 33. Qd3 {[%emt 0:
00:07]} Qc6+ {[%emt 0:00:09]} 34. Kh2 {[%emt 0:00:12]} Qc7 {[%emt 0:00:08]} 35.
Bb5 {[%emt 0:00:01]} Rf8 {[%emt 0:00:02]} 36. Kg2 {[%emt 0:00:01]} Qb7+ {[%emt
0:00:01]} 37. Qf3 {[%emt 0:00:01]} Qc7 {[%emt 0:00:01]} 38. Qc6 {[%emt 0:00:01]
} Qe5 {[%emt 0:00:01]} 39. Qd6 {[%emt 0:00:01]} Qe4+ {[%emt 0:00:02]} 40. Kg1 {
[%emt 0:00:00]} Qf5 {[%emt 0:00:02]} 41. h4 {[%emt 0:00:04]} Qh3 {[%emt 0:00:
01]} 42. Re1 {[%emt 0:00:04]} Ng4 {[%emt 0:00:05]} 43. Qxf8+ {[%emt 0:00:01]}
Kh7 {[%emt 0:00:02]} 44. Bd3+ {[%emt 0:00:01] Novoselski resigns} 1-0